| 000 | 01137nam a2200253Ia 4500 | ||
|---|---|---|---|
| 005 | 20190131152736.0 | ||
| 008 | 130821s1951 sp gr dspa | ||
| 040 |
_aCo-BoUCM _bspa _cSaul Niño (Modificó) _d[Nuevo] |
||
| 041 | 1 | 0 | _aspa |
| 100 | 1 |
_aPlutarco, (Lucius Mestrius Plutarchus) _995318 |
|
| 245 | 1 | 0 |
_aVidas paralelas _cPlutarco (Lucius Mestrius Plutarchus) ; traducción de Antonio Ranz Romanillos |
| 260 |
_aBarcelona (España) _bEditorial Iberia _c1951 |
||
| 300 | _avolúmenes | ||
| 490 | 0 | _aObras Maestras | |
| 500 | _aIncluye índice | ||
| 505 |
_gV.1 _tTeseo y Rómulo - Licurgo y Numa - Solón y Publíco - La Temístocles y Camilo Pericles y Fabio Máximo - Alcibiades y Coriolano. -- _gV.2 _tTomoleón y Paulo Emilo - Pelópidas y Marcelo - Aristides y Marco Catón - Filopemen y Flaminino - P |
||
| 650 |
_aBiografías _97343 |
||
| 650 |
_aFilósofos _vBiografías _930990 |
||
| 650 |
_aGriegos _vBiografías _916540 |
||
| 650 |
_aRomanos _vBiografías _923845 |
||
| 700 | 1 |
_aRanz Romanillos, Antonio _etraductor _995319 |
|
| 942 |
_cLIBRO _a19 _e1 _mP737vi _2DEWEY _h920.038 |
||
| 999 |
_c74987 _d74987 |
||